[Event "IECC CL2-2004.28 email"]
[Site "IECC email"]
[Date "2004.09.09"]
[Round "?"]
[White "Futida, Souitiro"]
[Black "Pitselis, Gregory"]
[Result "1/2-1/2"]
[WhiteElo "2121"]
[BlackElo "2010"]
[PlyCount "76"]
[EventDate "2004.??.??"]
[EventType "tourn (corr)"]
[EventRounds "4"]
[SourceTitle "Corr 2008"]
[Source "ChessBase"]
[SourceDate "2008.06.24"]
[SourceVersion "1"]
[SourceVersionDate "2008.06.24"]
[SourceQuality "1"]

1. d4 Nf6 2. Nf3 b6 3. c4 e6 4. a3 Bb7 5. Nc3 d5 6. cxd5 Nxd5 7. Qc2 Nxc3 8. bxc3 c5 9. e4 Nd7 10. Bb5 a6 11. Bd3 Qc7 12. Qb1 g6 13. 0-0 Bg7 14. a4 0-0 15. Be3 Bc6 16. Re1 Qb7 17. Bf4 b5 18. Ra2 c4 19. Bc2 f5 20. Bd6 Rfe8 21. axb5 axb5 22. Rxa8 Qxa8 23. Nd2 Qa5 24. Bb4 Qd8 25. f3 Qg5 26. Re2 Nf6 27. Bd6 Nh5 28. Nf1 e5 29. d5 Nf4 30. Rd2 Bd7 31. Kh1 Qf6 32. Bb4 Bh6 33. Rd1 Qh4 34. Bc5 Ne2 35. Qa1 Bf8 36. d6 f4 37. Qa7 Ng3+ 38. Kg1 Ne2+ 1/2-1/2

[Event "IECC CL2-1998.07"]
[Site "IECC email"]
[Date "1998.04.04"]
[Round "?"]
[White "Tisseyre, Laurent"]
[Black "Pitselis, Gregory"]
[Result "0-1"]
[WhiteElo "2111"]
[BlackElo "2043"]
[PlyCount "76"]
[EventDate "1998.??.??"]
[EventType "tourn (corr)"]
[EventRounds "4"]
[SourceTitle "Corr 2008"]
[Source "ChessBase"]
[SourceDate "2008.06.24"]
[SourceVersion "1"]
[SourceVersionDate "2008.06.24"]
[SourceQuality "1"]

1. e4 c5 2. Nf3 d6 3. d4 cxd4 4. Nxd4 Nf6 5. Nc3 a6 6. Bc4 e6 7. Bb3 Be7 8. g4 h6 9. Be3 0-0 10. Rg1 Nbd7 11. Bxe6 fxe6 12. Nxe6 Qa5 13. Nxf8 Nxf8 14. f3 d5 15. e5 Ba3 16. Qc1 d4 17. Bxd4 Ne6 18. exf6 Nxd4 19. Kf2 g5 20. Qe3 Bf8 21. Ne4 Qe5 22. Rad1 Ne6 23. Qb3 Qxh2+ 24. Rg2 Qe5 25. Rd5 Qc7 26. Kg1 a5 27. a4 Ra6 28. Rgd2 Rb6 29. Qa2 Rb4 30. c3 Rxe4 31. fxe4 Qg3+ 32. Kf1 Qh3+ 33. Rg2 Qh1+ 34. Kf2 Kh8 35. Qc4 Nf4 36. Rg3 Be6 37. Qb5 Qh2+ 38. Kf3 Ng6 0-1